Mannschaften - Fußball-Europameisterschaft 2004 - Statistiken

Allgemein
  • Dieses Quiz wurde 46 mal gespielt
  • Das Durchschnittsergebnis liegt bei 15 aus 16
Antwortstatistiken
Squadra % Korrekt
Deutschland
100%
England
100%
Griechenland
100%
Italien
100%
Portugal
100%
Schweiz
100%
Frankreich
98%
Niederlande
98%
Spanien
98%
Dänemark
95%
Kroatien
93%
Russland
93%
Schweden
90%
Lettland
83%
Bulgarien
80%
Tschechische Republik
63%
Keine übereinstimmenden Quizze gefunden
Verteilung der Resultate
Anzahl Personen mit jedem Resultat
Perzentil nach korrekt beantworteten Fragen
Ihre Resultats-Entwicklung
Sie haben dieses Quiz noch nicht gespielt